[Event "Hannover-chA"]
[Site "Bueckeburg"]
[Date "2007.11.03"]
[Round "5"]
[White "Daehn, Patrick"]
[Black "Lueer, Rainer"]
[Result "0-1"]
[WhiteElo "1155"]
[BlackElo "1387"]
[PlyCount "78"]
[EventDate "2007.11.01"]
[EventType "swiss"]
[EventRounds "7"]
[EventCountry "GER"]
[SourceTitle "EXT 2021"]
[Source "ChessBase"]
[SourceDate "2020.10.23"]
[SourceVersion "1"]
[SourceVersionDate "2020.10.23"]
[SourceQuality "1"]

1. e4 e5 2. Nf3 d6 3. Bc4 Bg4 4. d3 Be7 5. Be3 Nf6 6. Nbd2 Nc6 7. h3 Bh5 8. Qe2 a6 9. 0-0-0 Na5 10. d4 Nxc4 11. Qxc4 b5 12. Qb3 exd4 13. Bxd4 c5 14. Bxf6 Bxf6 15. Qd5 Bg6 16. h4 h6 17. Rde1 0-0 18. g4 Be5 19. Nxe5 dxe5 20. Qxc5 Re8 21. Nf3 Qf6 22. Qe3 Qe6 23. g5 h5 24. Kb1 a5 25. Rd1 Qc6 26. Rd5 Rac8 27. Rc1 a4 28. Nxe5 Qe6 29. Rxb5 a3 30. b3 f5 31. Nxg6 Qxg6 32. Rxf5 Qxf5 33. exf5 Rxe3 34. fxe3 Re8 35. Re1 Re4 36. g6 Rxh4 37. e4 Rf4 38. b4 Kf8 39. Re3 Rf1+ 0-1

[Event "Hannover-chA"]
[Site "Bueckeburg"]
[Date "2007.11.03"]
[Round "6"]
[White "Lueer, Rainer"]
[Black "Heiseke, Gerhard"]
[Result "0-1"]
[WhiteElo "1387"]
[BlackElo "1467"]
[PlyCount "120"]
[EventDate "2007.11.01"]
[EventType "swiss"]
[EventRounds "7"]
[EventCountry "GER"]
[SourceTitle "EXT 2021"]
[Source "ChessBase"]
[SourceDate "2020.10.23"]
[SourceVersion "1"]
[SourceVersionDate "2020.10.23"]
[SourceQuality "1"]

1. d4 d5 2. Bf4 e6 3. Nf3 Nf6 4. h3 c5 5. c3 c4 6. b3 b5 7. Nbd2 Nbd7 8. e3 Be7 9. Be2 0-0 10. 0-0 Nh5 11. Bh2 f5 12. Ne1 Nhf6 13. Nef3 Ne4 14. Nxe4 fxe4 15. Ne5 Bd6 16. Nxd7 Bxh2+ 17. Kxh2 Bxd7 18. f3 Qc7+ 19. Kg1 Qg3 20. Qe1 Qg5 21. f4 Qg6 22. Bg4 h5 23. Qe2 hxg4 24. Qxg4 Qxg4 25. hxg4 g6 26. g5 a5 27. Rfc1 Rfc8 28. Kf2 b4 29. Ke2 cxb3 30. axb3 bxc3 31. Kd1 Bb5 32. g3 Bd3 33. Ra4 Bb5 34. Raa1 a4 35. b4 Rc4 36. Ra3 Rac8 37. Ke2 c2 38. Kd2 Rxb4 39. Rxc2 Rxc2+ 40. Kxc2 Bc4 41. Kc3 Rb3+ 42. Rxb3 axb3 43. Kb2 Kf7 44. g4 Ke7 45. Kc3 Kd6 46. Kb2 Kc6 47. f5 Kd7 48. f6 e5 49. dxe5 d4 50. exd4 e3 51. Kc3 Be6 52. Kd3 b2 53. Kxe3 b1Q 54. Kf4 Qc1+ 55. Ke4 Bxg4 56. d5 Bf5+ 57. Kd4 Qf4+ 58. Kc5 Qxe5 59. f7 Qe7+ 60. d6 Qxf7 0-1